000 00572nam a2200193Ia 4500
005 20250508164825.0
008 008 250505s9999 xx 000 0 hin d
037 _aDissertations
040 _aFEDL
_beng
_cFEDL
041 _ahin
_2eng
084 _a370.7, RAI/DI
_qFEDL
100 _aRai Sanjeev Kumar
_9546787
245 0 _aMedia sambandh aagato ka adhyapak shikshan me upyog ka addhyan
260 _c2001
300 _aiii,194p.
546 _aM. Phil. Dissertation (Delhi University)
942 _cDIS
_h370.7, RAI/DI
999 _c1391420
_d1391420